000 00302nam a22001337a 4500
008 180221b xxu||||| |||| 00| 0 eng d
020 _a2900735539616
041 _aeng
080 _25 ED
_a34
100 _a14
101 _aJUR
245 _aRACE RACISM AMERICAN LAW
_cDERRICK.B
942 _2udc
_cBK
999 _c43081
_d43081